000 00907nmm a2200265 a 4500
001 ocm000716479
003 TR-IsHL
005 20201028140344.0
008 131212s2011 tu tur
007 cr cn
035 _a716479
_b(N$T)
050 0 4 _aPL248.Ö36
_bŞ5 2011
090 0 4 _aPL248.Ö36
_bŞ5 2011
100 1 _aÖğmel, Hülya
245 1 0 _aŞirin masallar
_h[electronic resource] /
_cHülya Öğmel ; res. Esra Oğunday Bakır, Müge Zeydanlı
260 _aİstanbul :
_bBirleşik Yayın Grubu,
_c2011
300 _a352 p.
650 4 _aDil ve Edebiyat
650 4 _aLanguage and Literature
650 0 _aÇocuk hikayeleri, Türk
650 0 _aChildren's stories, Turkey
650 7 _aLITERARY CRITICISM / Children's Literature
_2bisacsh
700 1 _aBakır, Esra Oğunday
856 4 0 _uhttp://search.ebscohost.com/login.aspx?direct=true&scope=site&db=e011xww&AN=716479
999 _c7242
_d7242